Financial Statement analysis (Record no. 5467)

MARC details
005 - DATE AND TIME OF LATEST TRANSACTION
control field 20250627125550.0
020 ## - INTERNATIONAL STANDARD BOOK NUMBER
International Standard Book Number 0072536519
082 ## - DEWEY DECIMAL CLASSIFICATION NUMBER
Classification number 657.3 WIL
100 ## - MAIN ENTRY--PERSONAL NAME
Author name WILD,J.J.
245 ## - TITLE STATEMENT
Title Financial Statement analysis
250 ## - EDITION STATEMENT
Edition statement 8th Ed.
260 ## - PUBLICATION, DISTRIBUTION, ETC.
Place of publication, distribution, etc. New York
Name of publisher, distributor, etc. Mc Graw Hill,
Date of publication, distribution, etc. 2004
300 ## - PHYSICAL DESCRIPTION
Extent xix,673p.:ill.
Other physical details index
Dimensions 25cm.
700 ## - ADDED ENTRY--PERSONAL NAME
Other authors/Editors SUBRAMANYAM, K.R. & HALSEY, F.R.
942 ## - ADDED ENTRY ELEMENTS (KOHA)
Source of classification or shelving scheme Dewey Decimal Classification
Koha item type Books
Holdings
Date last seen Total checkouts Full call number Barcode Cost, replacement price Price effective from Koha item type Lost status Source of classification or shelving scheme Damaged status Not for loan Withdrawn status Home library Current library Shelving location Date acquired Source of acquisition Cost, normal purchase price
06/26/2025   657.3 WIL DOM000718 261000.00 06/26/2025 Books   Dewey Decimal Classification       CBE Dodoma CBE Dodoma General Collection 04/26/2010 Library budget 87000.00
06/27/2025   657.3 WIL DOM000485 261000.00 06/27/2025 Books   Dewey Decimal Classification       CBE Dodoma CBE Dodoma General Collection 04/26/2010   87000.00